=LDR 00000nam 2200000 4500 =001 INLIS000000000810219 =005 20251116011536 =035 ##$$a 0010-1125000073 =245 ##$$a Risalah Ilmiyyah Dalam Mengenal : $b Iqtishaadiyyah islamiyah ( ekonomi Islam ) /$c Abdul hakim bin Amir abdat =300 ##$$a 214 hlm ; $c 24 cm =260 ##$$a Jakarta : :$b Mu'awiyah bin abi sufyan,$c 2010 =082 ##$$a 297.630 ABD =084 ##$$a 297.630 ABD r